| 000 | 00617nam a2200241Ia 4500 | ||
|---|---|---|---|
| 005 | 20250122053044.0 | ||
| 008 | 240331s9999 xx 000 0 und d | ||
| 020 | _a0631178317 | ||
| 082 |
_bFRA _21092 _a305.4 |
||
| 245 | 0 |
_aEthics: _bA Feminist Reader |
|
| 260 |
_aOxford _bBlackwell Publishers _c1992 |
||
| 260 |
_aMassachusetts _bThree Cambridge Center _c1992 |
||
| 300 | _axi, 500 p., | ||
| 650 | _aWomen | ||
| 650 | _aBirth Control | ||
| 650 | _aGender | ||
| 650 | _aFeminism | ||
| 650 | _aMorality | ||
| 700 |
_aFrazer, E _eedt |
||
| 700 |
_aHornsby, J _eedt |
||
| 700 |
_aLovibond, S _eedt |
||
| 942 | _cL | ||
| 999 |
_c1590 _d1590 |
||